|
|
|
|
| LEADER |
00826nta a2200205 i 4500 |
| 001 |
dipl131638 |
| 005 |
20221125111506.0 |
| 008 |
221125s2012 hu om 0|| hun d |
| 040 |
|
|
|a SZTE Diploma Repozitórium
|b hun
|
| 041 |
|
|
|a hun
|
| 100 |
1 |
|
|a Székács Diána
|
| 245 |
1 |
0 |
|a Csongrád megye munkaerőpiaci helyzete a rendszerváltástól napjainkig
|h [elektronikus dokumentum] /
|c Diána Székács
|
| 246 |
1 |
0 |
|a The situation of the labour market in Csongrád county from the political transformation until now
|h [elektronikus dokumentum]
|
| 260 |
|
|
|c 2012
|
| 650 |
|
4 |
|a Jogi és igazgatási tanulmányok
|
| 650 |
|
4 |
|a Humanities
|
| 650 |
|
4 |
|a History and archaeology
|
| 650 |
|
4 |
|a History
|
| 700 |
1 |
|
|a Gyémánt Richárd
|e ths
|
| 856 |
4 |
0 |
|u https://diploma.bibl.u-szeged.hu/id/eprint/131638/1/2012_szekacs_diana.pdf
|z Dokumentum-elérés
|